000 00268nam a2200097Ia 4500
082 _a821 DEKO
245 0 _aTerrestrial things : poems
100 _a DE KOK, Ingrid South Africa, 2002 1st ed
_948258
942 _cBK
008 210817s9999 xx 000 0 und d
999 _c157216
_d157215